000 00912cam a22002294a 4500
005 20041101114942.0
008 040512s2005 njua 001 0 eng
010 _aENG-95622
020 _a9788120337282
_c378.00
035 _aEN-79155
037 _bDBAD/PUB
040 _aDPL
100 _aSrivastava, Manoj Kumar
245 _aStatistical inference:
_cby Manoj Kumar Srivastava [and] Namita Srivastava
_btesitng of hypotheses/
260 _a New Delhi
_bPHI Learining p.Ltd
_c2009
300 _axi, 403 p. :
_c23 cm.(Pbk)
500 _aIncludes index.
700 _aSrivastava, Namita
942 _2ddc
_cEN
_mSRI
999 _c32534
_d32534